000 00729cam a2200241 4500
001 614
003 BD-RjUL
005 20211208233216.0
008 161127s1970 nju b 001 0 eng
020 _a0810803372
035 _a(BD-RjUL)632
040 _aDLC
_cDLC
_dDLC
_dBD-RjUL
_beng
041 _aeng
082 0 0 _a016.304667
_bDOA 1970
100 1 _aDollen, Charles.
_91877
245 1 0 _aAbortion in context :
_ba select bibliography /
_cCompiled by Charles Dollen.
260 _aMetuchen, N.J. :
_bScarecrow Press,
_cc1970.
300 _avii, 9-150 p. ;
_c22 cm.
650 0 _aBirth control
_xBibliography.
_91878
650 0 _aContraception
_xBibliography.
_91879
650 0 _aAbortion
_xBibliography.
_91880
942 _2ddc
_cREF
999 _c614
_d614